| 000 | 00765nam a2200217 a 4500 | ||
|---|---|---|---|
| 001 | BRCA_4794 | ||
| 005 | 20190320204817.0 | ||
| 008 | 111010c1945----sz-a######---#000-0#ger-# | ||
| 041 | _ager | ||
| 044 | _asz | ||
| 050 | 4 |
_aND625 _b.V47 1945 |
|
| 100 | 1 |
_aVerlag Bern, Iris _912138 |
|
| 245 | 1 | 0 |
_aRogier van der weyden _bgemälde aus dem escorial und aus dem prado-museum _cIris Verlag Bern ; einführung von Walter Ueberwasser. |
| 260 |
_aSuiza _bLaupen Bern _c1945 |
||
| 300 |
_a15 p. _bil. 7 láminas a color _c40 cm. |
||
| 500 | _aIncluye listado de obras | ||
| 600 | 1 | 4 |
_aRogier van der weyden _d1349-1464 _xPintor flamenco _912139 |
| 650 | 1 | 4 |
_aPintura flamenca _vExposiciones _ySiglo XV _912140 |
| 710 | 2 |
_aUeberwasser, Walter _eEscritor _912141 |
|
| 942 |
_2lcc _cB |
||
| 999 |
_c4491 _d4491 |
||